Concurso de tractores de Lérida : 1 - 10 abril 1921 : cuadros de resultados 1 - 10 abril 1921 :
Descripción Física:
15 p., 2 f. pleg. ; 24 cm
Materias:
Tractors -- Concursos -- Lleida -- 1921
MARC
| LEADER | 00000nam a2200000Ia 4500 | ||
|---|---|---|---|
| 001 | 8810 | ||
| 003 | BGR | ||
| 005 | 20260410113704.0 | ||
| 008 | 160829s9999 xx 000 0 cat d | ||
| 080 | |a RF-6-38 | ||
| 245 | |a Concurso de tractores de Lérida : |b 1 - 10 abril 1921 : |b cuadros de resultados | ||
| 260 | |a Barcelona : |b Mancomunidad de Cataluña, Instituto de Mecánica Aplicada Agrícola, [1921?] | ||
| 300 | |a 15 p., 2 f. pleg. ; |c 24 cm | ||
| 650 | |a Tractors |x Concursos |x Lleida |x 1921 |9 28294 | ||
| 710 | 2 | |a Catalunya. |b Mancomunitat |9 53015 | |
| 710 | 1 | |a Institut de Mecànica Aplicada Agrícola |9 71117 | |
| 856 | 4 | |u https://media.diba.cat/diba/fitxers/arxiu/fulletons/bib_8810_1921_baixa.pdf |y Accés lliure | |
| 856 | 4 | |u https://media.diba.cat/diba/fitxers/arxiu/fulletons/bib_8810_1921_baixa.pdf |y Accés lliure | |
| 900 | |a bib_8810_1921_baixa.pdf | ||
| 901 | |a Arxiu | ||
| 942 | |n 1 |2 udc |c MON | ||
| 952 | |0 0 |1 0 |4 0 |6 RF638 |7 1 |9 44766 |a Arxiu |b Arxiu |d 2016-12-01 |l 0 |o RF-6-38 |p 8810 |r 2016-12-01 00:00:00 |w 2016-12-01 |y ARXIU | ||
| 999 | |c 47348 |d 47348 | ||